000 00304nam a2200109Ia 4500
008 200302s9999 xx 000 0 und d
100 _aGallion and Simon eisner
245 _aThe urban Pattern City Planning and design 5th ed
260 _bC B C Publishers & Destributors
260 _c2005
300 _a643
999 _c5870
_d5870